| 000 | 00494nam a2200157 i 4500 | ||
|---|---|---|---|
| 001 | 104628 | ||
| 003 | ES-MaACL | ||
| 007 | t| | ||
| 008 | 051202s1973 sp ||||1| spa d | ||
| 100 | 1 |
_aMink, Walter. _981365 |
|
| 245 | 1 | 0 |
_aInyección de plásticos / _cWalter Mink; [versión de Luis Asensi Mestre]. |
| 260 |
_aBarcelona : _bGustavo Gili, _c1973. |
||
| 300 |
_a476 p. con 10 lám., 10 lám. pleg. : _bil. ; _c25 cm. |
||
| 700 | 1 |
_aAsensi Mestre, Luis. _923575 |
|
| 852 |
_aES-MaACL _jE-8307 |
||
| 999 |
_c104628 _d104628 |
||